Športadres `97. : Reklamný športový adresár.

Uložené v:
Podrobná bibliografia
Médium: Kniha
Jazyk:Slovak
Vydané: Bratislava : Venite s.r.o., [1996]
Vydanie:1. vyd.
Témy:
ISBN: 8096766201 (brož.)
Fyzický popis: 85 s.
Tagy: Pridať tag
Žiadne tagy, Buďte prvý kto otaguje tento záznam!

MARC

LEADER 00000nam a2200000 a 4500
001 000061649
003 SVKK
005 19990624000000.0
008 970421s1996 xo e sloo
020 |a 8096766201 (brož.) 
040 |a SVKKK  |b slo  |c SVKKK  |e AACR2 
041 0 |a slo 
044 |a xo  |c SK 
080 |a 058.7:338.45:796  |2 1997 
080 |a 338.45:796(058.7)  |2 1997 
245 0 0 |a Športadres `97. :  |b Reklamný športový adresár. 
250 |a 1. vyd. 
260 |a Bratislava :  |b Venite s.r.o.,  |c [1996] 
300 |a 85 s. 
653 0 |a šport  |2 SVKKKPH 
653 0 |a výrobky športové  |2 SVKKKPH 
653 0 |a adresáre  |2 SVKKKPH 
655 7 |a adresáre  |2 SVKKKPH 
910 |a svkkk 
919 |a 80-967662-0-1 
974 |a MI  |d 19970515 
974 |a KL  |d 19970624 
974 |a PA  |d 19990624 
998 |a BK 
090 |g SCKHL  |k Sklad Pribinova 2. posch.  |a III.176302  |j 906204  |i 2720459259  |s Absenčne